Medieval Seven Seas Quiz - Statistics

General Stats
  • This quiz has been taken 23 times
  • The average score is 6 of 7
Answer Stats
Seas % Correct
Black Sea
100%
Mediterranean Sea
100%
Baltic Sea
96%
North Sea
96%
Red Sea
96%
Atlantic Ocean
74%
Arabian Sea
39%
No matching quizzes found
Score Distribution
Percent of People with Each Score
Percentile by Number Answered
Your Score History
You have not taken this quiz